<?xml version="1.0" encoding="UTF-8"?>
<record
    xmlns:xsi="http://www.w3.org/2001/XMLSchema-instance"
    xsi:schemaLocation="http://www.loc.gov/MARC21/slim http://www.loc.gov/standards/marcxml/schema/MARC21slim.xsd"
    xmlns="http://www.loc.gov/MARC21/slim">

  <leader>02073nam a22002657a 4500</leader>
  <controlfield tag="003">Uzh_bibl</controlfield>
  <controlfield tag="008">260428b        |||||||| |||| 00| 0 ukr d</controlfield>
  <datafield tag="020" ind1=" " ind2=" ">
    <subfield code="a">5-308-01120-6</subfield>
    <subfield code="c">1.00</subfield>
  </datafield>
  <datafield tag="040" ind1=" " ind2=" ">
    <subfield code="a">&#x443;&#x43A;&#x440;.</subfield>
  </datafield>
  <datafield tag="041" ind1=" " ind2=" ">
    <subfield code="2">ukr</subfield>
    <subfield code="a">ukr</subfield>
  </datafield>
  <datafield tag="080" ind1=" " ind2=" ">
    <subfield code="a">821(477)</subfield>
  </datafield>
  <datafield tag="090" ind1=" " ind2=" ">
    <subfield code="a">821(477)</subfield>
    <subfield code="b">&#x41E;-51</subfield>
  </datafield>
  <datafield tag="100" ind1=" " ind2=" ">
    <subfield code="a">&#x41E;&#x43A;&#x43E;&#x43B;&#x456;&#x442;&#x435;&#x43D;&#x43A;&#x43E;, &#x41D;&#x430;&#x442;&#x430;&#x43B;&#x44F;</subfield>
  </datafield>
  <datafield tag="245" ind1=" " ind2=" ">
    <subfield code="a">&#x417;&#x430;&#x43F;&#x430;&#x445; &#x43E;&#x441;&#x442;&#x440;&#x43E;&#x432;&#x430;</subfield>
    <subfield code="h">&#x422;&#x435;&#x43A;&#x441;&#x442;</subfield>
  </datafield>
  <datafield tag="260" ind1=" " ind2=" ">
    <subfield code="a">&#x41A;&#x438;&#x457;&#x432;</subfield>
    <subfield code="b">&#x414;&#x43D;&#x456;&#x43F;&#x440;&#x43E;</subfield>
    <subfield code="c">1990</subfield>
  </datafield>
  <datafield tag="300" ind1=" " ind2=" ">
    <subfield code="a">255 &#x441;.</subfield>
  </datafield>
  <datafield tag="490" ind1=" " ind2=" ">
    <subfield code="a">&#x421;&#x435;&#x440;&#x456;&#x44F; "&#x420;&#x43E;&#x43C;&#x430;&#x43D;&#x438; &#x439; &#x43F;&#x43E;&#x432;&#x456;&#x441;&#x442;&#x456;" &#x2116; 10</subfield>
  </datafield>
  <datafield tag="520" ind1=" " ind2=" ">
    <subfield code="a">&#x417;&#x431;&#x456;&#x440;&#x43A;&#x430; &#x43F;&#x43E;&#x432;&#x456;&#x441;&#x442;&#x435;&#x439; &#x440;&#x43E;&#x437;&#x43A;&#x440;&#x438;&#x432;&#x430;&#x454; &#x432;&#x43D;&#x443;&#x442;&#x440;&#x456;&#x448;&#x43D;&#x456;&#x439; &#x441;&#x432;&#x456;&#x442; &#x43B;&#x44E;&#x434;&#x438;&#x43D;&#x438;, &#x457;&#x457; &#x43F;&#x435;&#x440;&#x435;&#x436;&#x438;&#x432;&#x430;&#x43D;&#x43D;&#x44F;, &#x43F;&#x440;&#x430;&#x433;&#x43D;&#x435;&#x43D;&#x43D;&#x44F; &#x434;&#x43E; &#x433;&#x430;&#x440;&#x43C;&#x43E;&#x43D;&#x456;&#x457; &#x442;&#x430; &#x440;&#x43E;&#x437;&#x443;&#x43C;&#x456;&#x43D;&#x43D;&#x44F; &#x441;&#x435;&#x431;&#x435;. &#x427;&#x435;&#x440;&#x435;&#x437; &#x43E;&#x431;&#x440;&#x430;&#x437; &#x201C;&#x43E;&#x441;&#x442;&#x440;&#x43E;&#x432;&#x430;&#x201D; &#x430;&#x432;&#x442;&#x43E;&#x440;&#x43A;&#x430; &#x441;&#x438;&#x43C;&#x432;&#x43E;&#x43B;&#x456;&#x447;&#x43D;&#x43E; &#x43F;&#x43E;&#x43A;&#x430;&#x437;&#x443;&#x454; &#x432;&#x456;&#x434;&#x447;&#x443;&#x436;&#x435;&#x43D;&#x43D;&#x44F;, &#x441;&#x430;&#x43C;&#x43E;&#x442;&#x43D;&#x456;&#x441;&#x442;&#x44C; &#x456; &#x432;&#x43E;&#x434;&#x43D;&#x43E;&#x447;&#x430;&#x441; &#x43C;&#x43E;&#x436;&#x43B;&#x438;&#x432;&#x456;&#x441;&#x442;&#x44C; &#x434;&#x443;&#x445;&#x43E;&#x432;&#x43D;&#x43E;&#x433;&#x43E; &#x43E;&#x43D;&#x43E;&#x432;&#x43B;&#x435;&#x43D;&#x43D;&#x44F;. &#x413;&#x435;&#x440;&#x43E;&#x457; &#x43E;&#x43F;&#x438;&#x43D;&#x44F;&#x44E;&#x442;&#x44C;&#x441;&#x44F; &#x43F;&#x435;&#x440;&#x435;&#x434; &#x43C;&#x43E;&#x440;&#x430;&#x43B;&#x44C;&#x43D;&#x438;&#x43C; &#x432;&#x438;&#x431;&#x43E;&#x440;&#x43E;&#x43C;, &#x43F;&#x435;&#x440;&#x435;&#x43E;&#x441;&#x43C;&#x438;&#x441;&#x43B;&#x44E;&#x44E;&#x442;&#x44C; &#x441;&#x432;&#x43E;&#x454; &#x436;&#x438;&#x442;&#x442;&#x44F;, &#x441;&#x442;&#x43E;&#x441;&#x443;&#x43D;&#x43A;&#x438; &#x437; &#x456;&#x43D;&#x448;&#x438;&#x43C;&#x438; &#x43B;&#x44E;&#x434;&#x44C;&#x43C;&#x438; &#x442;&#x430; &#x43D;&#x430;&#x432;&#x43A;&#x43E;&#x43B;&#x438;&#x448;&#x43D;&#x456;&#x43C; &#x441;&#x432;&#x456;&#x442;&#x43E;&#x43C;. &#x422;&#x432;&#x456;&#x440; &#x43F;&#x43E;&#x454;&#x434;&#x43D;&#x443;&#x454; &#x440;&#x435;&#x430;&#x43B;&#x456;&#x441;&#x442;&#x438;&#x447;&#x43D;&#x456; &#x43F;&#x43E;&#x434;&#x456;&#x457; &#x437; &#x433;&#x43B;&#x438;&#x431;&#x43E;&#x43A;&#x438;&#x43C;&#x438; &#x43F;&#x441;&#x438;&#x445;&#x43E;&#x43B;&#x43E;&#x433;&#x456;&#x447;&#x43D;&#x438;&#x43C;&#x438; &#x439; &#x444;&#x456;&#x43B;&#x43E;&#x441;&#x43E;&#x444;&#x441;&#x44C;&#x43A;&#x438;&#x43C;&#x438; &#x440;&#x43E;&#x437;&#x434;&#x443;&#x43C;&#x430;&#x43C;&#x438;.</subfield>
  </datafield>
  <datafield tag="521" ind1=" " ind2=" ">
    <subfield code="a">&#x414;&#x43B;&#x44F; &#x448;&#x438;&#x440;&#x43E;&#x43A;&#x43E;&#x433;&#x43E; &#x43A;&#x43E;&#x43B;&#x430; &#x447;&#x438;&#x442;&#x430;&#x447;&#x456;&#x432;</subfield>
  </datafield>
  <datafield tag="546" ind1=" " ind2=" ">
    <subfield code="a">&#x443;&#x43A;&#x440;.</subfield>
  </datafield>
  <datafield tag="650" ind1=" " ind2=" ">
    <subfield code="a">&#x41B;&#x456;&#x442;&#x435;&#x440;&#x430;&#x442;&#x443;&#x440;&#x43D;&#x43E;-&#x445;&#x443;&#x434;&#x43E;&#x436;&#x43D;&#x454; &#x432;&#x438;&#x434;&#x430;&#x43D;&#x43D;&#x44F;</subfield>
    <subfield code="y">&#x41A;&#x456;&#x43D;&#x435;&#x446;&#x44C; &#x425;&#x425; &#x441;&#x442;&#x43E;&#x43B;&#x456;&#x442;&#x442;&#x44F; (&#x440;&#x430;&#x434;&#x44F;&#x43D;&#x441;&#x44C;&#x43A;&#x438;&#x439; &#x456; &#x43F;&#x435;&#x440;&#x435;&#x445;&#x456;&#x434;&#x43D;&#x438;&#x439; &#x43F;&#x435;&#x440;&#x456;&#x43E;&#x434;)</subfield>
    <subfield code="z">&#x423;&#x43A;&#x440;&#x430;&#x457;&#x43D;&#x430; &#x442;&#x430; &#x443;&#x43C;&#x43E;&#x432;&#x43D;&#x438;&#x439;/&#x443;&#x437;&#x430;&#x433;&#x430;&#x43B;&#x44C;&#x43D;&#x435;&#x43D;&#x438;&#x439; &#x201C;&#x43E;&#x441;&#x442;&#x440;&#x456;&#x432;&#x201D; (&#x44F;&#x43A; &#x441;&#x438;&#x43C;&#x432;&#x43E;&#x43B; &#x432;&#x456;&#x434;&#x43E;&#x43A;&#x440;&#x435;&#x43C;&#x43B;&#x435;&#x43D;&#x43E;&#x433;&#x43E; &#x441;&#x432;&#x456;&#x442;&#x443;, &#x456;&#x43D;&#x43A;&#x43E;&#x43B;&#x438; &#x2014; &#x43F;&#x440;&#x438;&#x440;&#x43E;&#x434;&#x430;, &#x432;&#x456;&#x434;&#x434;&#x430;&#x43B;&#x435;&#x43D;&#x456; &#x43C;&#x456;&#x441;&#x446;&#x44F;)</subfield>
  </datafield>
  <datafield tag="653" ind1=" " ind2=" ">
    <subfield code="a">&#x421;&#x430;&#x43C;&#x43E;&#x442;&#x43D;&#x456;&#x441;&#x442;&#x44C;</subfield>
    <subfield code="a">&#x41F;&#x440;&#x438;&#x440;&#x43E;&#x434;&#x430;</subfield>
    <subfield code="a">&#x41F;&#x430;&#x43C;&#x2019;&#x44F;&#x442;&#x44C;</subfield>
    <subfield code="a">&#x41F;&#x43E;&#x447;&#x443;&#x442;&#x442;&#x44F;</subfield>
    <subfield code="a">&#x41F;&#x43E;&#x448;&#x443;&#x43A;</subfield>
  </datafield>
  <datafield tag="655" ind1=" " ind2=" ">
    <subfield code="a">&#x41F;&#x43E;&#x432;&#x456;&#x441;&#x442;&#x456; (&#x441;&#x43E;&#x446;&#x456;&#x430;&#x43B;&#x44C;&#x43D;&#x43E;-&#x43F;&#x441;&#x438;&#x445;&#x43E;&#x43B;&#x43E;&#x433;&#x456;&#x447;&#x43D;&#x430; &#x43F;&#x440;&#x43E;&#x437;&#x430; &#x437; &#x435;&#x43B;&#x435;&#x43C;&#x435;&#x43D;&#x442;&#x430;&#x43C;&#x438; &#x444;&#x456;&#x43B;&#x43E;&#x441;&#x43E;&#x444;&#x441;&#x44C;&#x43A;&#x43E;&#x433;&#x43E; &#x43E;&#x441;&#x43C;&#x438;&#x441;&#x43B;&#x435;&#x43D;&#x43D;&#x44F;)</subfield>
    <subfield code="v">&#x41F;&#x43E;&#x432;&#x456;&#x441;&#x442;&#x456; </subfield>
  </datafield>
  <datafield tag="942" ind1=" " ind2=" ">
    <subfield code="2">udc</subfield>
    <subfield code="c">BK</subfield>
  </datafield>
  <datafield tag="999" ind1=" " ind2=" ">
    <subfield code="c">17544</subfield>
    <subfield code="d">17544</subfield>
  </datafield>
  <datafield tag="952" ind1=" " ind2=" ">
    <subfield code="0">0</subfield>
    <subfield code="1">0</subfield>
    <subfield code="2">udc</subfield>
    <subfield code="4">0</subfield>
    <subfield code="7">0</subfield>
    <subfield code="a">CMB</subfield>
    <subfield code="b">CMB</subfield>
    <subfield code="c">AB</subfield>
    <subfield code="d">2026-04-28</subfield>
    <subfield code="i">39963</subfield>
    <subfield code="l">0</subfield>
    <subfield code="o">821(477)</subfield>
    <subfield code="p">20322</subfield>
    <subfield code="r">2026-04-28</subfield>
    <subfield code="w">2026-04-28</subfield>
    <subfield code="y">BK</subfield>
  </datafield>
</record>
